000 00416nam a2200157Ia 4500
003 Ost
005 20260225132555.0
008 260225s9999||||xx |||||||||||||| ||und||
040 _cfsic
041 _afre
082 _a440
100 _aFrédérique Billiet
_eAuteur
245 0 _aDe la pub pour Mozart :
245 0 _bla musique de publicité dans l'éducation musicale /
_cFrédérique Billiet
942 _cكتاب
999 _c34415
_d34415